00220nam a2200085Ia 4500001000800000005001700008008004100025245005000066260001800116125009420251031150849.0251031s9999 xx 000 0 und d 0cESRA BULUTaY-6 EN GÜZELİ TATLI SÖZÜN bERDEM ÇOCUK